000
00316nam a2200133Ia 4500
008
240624s9999 xx 000 0 und d
041
_a
eng
082
_a
823 ZAF
100
_a
ZAFON CARLOS RUIZ
245
_a
MIDNIGHT PALACE
260
_c
2012
_a
New Delhi
_b
Orion
300
_a
281 : p. : cm. ; 21
365
_c
RS
_b
25
999
_c
19954
_d
19954